Les prénoms les plus donnés en 2021 - Statistiques

Statistiques générales
  • Ce quiz a été pris 187 fois
  • Le résultat moyen est 8 sur 20
Statistiques - réponses
Nombre Prénoms % Correct
3 715 Louis
72%
3 202 Emma
71%
4 358 Léo
68%
4 974 Gabriel
57%
3 768 Louise
53%
3 054 Lucas
51%
3 802 Jade
45%
2 515 Anna
39%
3 594 Jules
39%
3 957 Raphaël
34%
3 598 Arthur
31%
3 384 Noah
31%
2 769 Alice
27%
3 438 Maël
25%
2 703 Rose
23%
3 017 Ambre
22%
2 430 Mia
21%
3 148 Adam
16%
2 504 Alba
15%
2 446 Romy
13%
Aucun quiz correspondant
Distribution des résultats
% des personnes avec chaque résultat
Percentile par nombre de réponses
Votre historique - résultats
Vous n’avez pas pris ce quiz